Top 10 países por producción de petróleo per cápita - Estadísticas

Estadísticas generales
  • Esta prueba ha sido intentada 2.434 veces
    806 desde el último reinicio
  • La puntuación promedio es 7 de 10
Estadísticas de respuestas
Barriles / persona Continente País % Correcto
108 Asia Arabia Saudita
94%
164 Asia Catar
89%
119 Asia Emiratos Árabes Unidos
89%
206 Asia Kuwait
82%
42,9 América Canadá
77%
77,5 Asia Omán
75%
42,4 Asia Baréin
70%
121 Europa Noruega
64%
61,5 África Libia
47%
173 América Guyana
43%
No se encontraron pruebas coincidentes
Distribución de puntuación
Porcentaje de gente con cada puntuación
Porcentaje por número respondido
Historial de tus puntuaciones
No has intentado esta prueba desde el último reinicio